LEADER 02508nam0 22004093i 450 001 BVE0041390 005 20251003044052.0 010 $a8820480697 010 $a9788820480691 100 $a20010321d1993 ||||0itac50 ba 101 | $aita 102 $ait 181 1$6z01$ai $bxxxe 182 1$6z01$an 200 1 $aInfrastrutture minori e sviluppo territoriale$fBruno Bracalente, Maurizio Di Palma, Claudio Mazziotta 210 $aMilano$cF. Angeli$d[1993] - 154 p.$cill.$a22 cm. 225 | $aConsiglio nazionale delle ricerche, Progetto finalizzato Struttura ed evoluzione dell'economia italiana$i. Sottoprogetto 4, Diffusione territoriale dello sviluppo$v9 410 0$1001CFI0167738$12001 $aConsiglio nazionale delle ricerche, Progetto finalizzato Struttura ed evoluzione dell'economia italiana$i. Sottoprogetto 4, Diffusione territoriale dello sviluppo$v9$171201$aConsiglio nazionale delle ricerche$b : Progetto finalizzato Struttura ed evoluzione dell'economia italiana$3CFIV084676 606 $aItalia$xSviluppo economico$x1980-1990$2FIR$3CFIC064980$9I 606 $aServizi pubblici$xItalia$x1980-1990$2FIR$3CFIC065065$9I 676 $a338.945$9SVILUPPO ECONOMICO. ITALIA$v19 676 $a338.945009045$9SVILUPPO ECONOMICO. ITALIA. 1950-1959$v21 676 $a363.60945$9SERVIZI PUBBLICI E ATTIVITA CONNESSE. Italia$v21 696 $aCrescita economica 699 $aSviluppo economico$yCrescita economica 700 1$aBracalente$b, Bruno$3CFIV008705$4070$088931 701 1$aDi Palma$b, Maurizio$f <1935- >$3BVEV014808$4070$088932 701 1$aMazziotta$b, Claudio$3MILV077003$4070$088933 801 3$aIT$bIT-000000$c20010321 850 $aIT-BN0095 $aIT-NA0457 901 $bNAP BI$cSALA 3 $nLibri da 1597 a 3785 901 $bNAP 01$cPOZZO LIB.$nVi sono collocati fondi di economia, periodici di ingegneria e scienze, periodici di economia e statistica e altri fondi comprendenti documenti di economia pervenuti in dono. 912 $aBVE0041390 950 0$aBiblioteca Centralizzata di Ateneo$c1 v. in due copie$d 01POZZO LIB.ECON MON 5002$e 0101 0000269005E VMA 1 v.$fB $h20210330$i20210330$c1 v. in due copie$d 01POZZO LIB.ECON MON 5002$e 0101 0000086355E VMA (bis 1 v. (2. copia. - Precedente collocazione: GUERRAZZI B 0071)$fB $h20070725$i20070725 977 $a 01$a BI 996 $aInfrastrutture minori e sviluppo territoriale$961258 997 $aUNISANNIO